000
00290nam a2200121 a 4500
008
100910s1971|||| d
245
1
0
_a
Námorník z Gibraltáru
020
_c
25
044
_a
xo
_c
SK
041
_a
slo
100
1
_a
Durasová, Marguerite
260
_b
Smena
_a
Bratislava
_c
1971
999
_c
10274
_d
10274